|
|
|
|
| LEADER |
00000ntm a22000007u 4500 |
| 001 |
zp64021 |
| 041 |
|
|
|a cze
|
| 100 |
1 |
|
|a Smýkalová, Lenka
|4 dis
|
| 245 |
1 |
0 |
|a Drogová prevence mládeže na základní škole
|
| 246 |
|
|
|a Youth Drug Prevention in Primary Schools
|
| 260 |
|
|
|c 2023
|
| 300 |
|
|
|a 75s. (89452)
|
| 500 |
|
|
|a Studijní obor: Ochrana obyvatelstva
|
| 500 |
|
|
|a Ústav: Ústav ochrany obyvatelstva
|
| 500 |
|
|
|a Univerzita Tomáše Bati ve Zlíně. Fakulta logistiky a krizového řízení
|
| 500 |
|
|
|a Tomas Bata University in Zlín. Faculty of Logistics and Crisis Management
|
| 506 |
|
|
|a Bez omezení
|
| 653 |
|
|
|a droga
|
| 653 |
|
|
|a drogová prevence
|
| 653 |
|
|
|a mládež
|
| 653 |
|
|
|a základní škola
|
| 653 |
|
|
|a žáci
|
| 653 |
|
|
|a drug
|
| 653 |
|
|
|a drug prevention
|
| 653 |
|
|
|a youth
|
| 653 |
|
|
|a primary school
|
| 653 |
|
|
|a pupils
|
| 655 |
|
4 |
|a bakalářská práce
|
| 700 |
1 |
|
|a Rak, Jakub
|4 ths
|
| 710 |
2 |
|
|a Univerzita Tomáše Bati ve Zlíně. Fakulta logistiky a krizového řízení
|4 dgg
|
| 710 |
2 |
|
|a Tomas Bata University in Zlín. Faculty of Logistics and Crisis Management
|4 dgg
|
| 856 |
4 |
0 |
|u http://hdl.handle.net/10563/53313
|y Plný text v Digitální knihovně UTB
|